000 01374nam a2200325 i 4500
001 000007027
003 DO-SdBNP
005 20260323100737.0
008 090904s2001 dr r 000 0 spa d
040 _aDO-SdBNP
_bspa
_cBNPHU
_erda
041 _aspa
082 4 _a378.1011
_bA581u
_222
100 1 _aAngeles Fernández, Ramón Benito,
_d1949-
_eautor
_919520
_4aut.
245 1 0 _aUTECI :
_bpensamiento y acción por un hombre nuevo. Alocuciones 1991-2001 /
_cRamón Benito Angeles Fernández ; coordinación general, Hilda Pichardo de Pérez.
264 _aLa Vega, República Dominicana :
_bUTECI,
_c2001.
300 _axix, 627 páginas :
_b23 cm.
336 _ardacontent
_btexto
_2txt
337 _ardamedia
_bsin mediación
_2n
338 _ardacarrier
_bvolumen
_2nc
504 _aIncluye referencias bibliográficas y notas al pie de páginas.
590 _aInventariado, 2018/BT
610 2 4 _aUniversidad Tecnológica Del Cibao
_919521
650 4 _aUniversidades
_zRepública Dominicana
_xEnsayos, conferencias, etc.
_918822
650 4 _aAdministración universitaria
_xRepública dominicana
_xEnsayos, conferencias, etc.
_91130
650 0 _aEducación superior
_zRepública Dominicana
_9730
650 4 _aDiscursos
_96584
700 1 _aPichardo de Pérez, Hilda,
_ecoordinador
_919522
_4coord.
910 _aValidado. Control de calidad. EMS
942 _2ddc
_cLBS1
999 _c6811
_d6811